000 00645nam a2200265Ia 4500
008 210210b2011 xxu||||| |||| 00| 0 eng d
020 _a9788189948528
041 _aeng
082 _a820.9 MAIM
100 _aMAIR (G H)
245 _aModern English literature
260 _aNew Delhi
_bSrishti book distributors
_c2011
300 _avi,174
650 _aVictorian Age
650 _aSeventeenth century
650 _aRomantic Revival
650 _aRenaissance
650 _aNovel
650 _aModern
650 _aliterature
650 _aEnglish
650 _aElizabethan
690 _aEnglish Criticism
906 _a067628
999 _c152772
_d152772